000
002830000a22001090004500
100
1
_a
Belew, M. Wendell
245
1
0
_a
American Missiology: Context and Challenge
300
_a
Vol.9, núm.1 (January, 1981), Páginas 15-22
650
1
4
_a
MISIONES
773
0
_t
Missiology:
942
_c
ANA
999
_c
62922
_d
62922